| 000 | 00788cam a2200289 i 4500 | ||
|---|---|---|---|
| 999 |
_c76696 _d24600 |
||
| 001 | 76696 | ||
| 003 | TR-AnTOB | ||
| 005 | 20231008212118.0 | ||
| 007 | ta | ||
| 008 | 091010s1996 is 00 eng e engeng | ||
| 040 |
_aTR-AnTOB _beng _erda _cTR-AnTOB |
||
| 041 | 0 | _aeng | |
| 050 | 1 | _aDS101 | |
| 090 |
_aDS101 _b.F3 |
||
| 245 | 0 | 0 | _aFacts about Israel. |
| 264 | 1 |
_a[İsrail] : _bİsrail Information Center, _c2006. |
|
| 300 |
_avolumes : _bphotographs ; _c19 cm |
||
| 336 |
_2rdacontent _atext _btxt |
||
| 337 |
_2rdamedia _aunmediated _bn |
||
| 338 |
_2rdacarrier _avolume _bnc |
||
| 651 |
_aİsrail _vSüreli yayınlar _960339 |
||
| 651 |
_aIsrael _vPeriodicals _960338 |
||
| 902 | _a0031870 | ||
| 903 | _aMerkez Kütüphane | ||
| 942 |
_cBK _2lcc |
||